HTML Java Script DHTML and PHP (Record no. 7935)
[ view plain ]
| 000 -LEADER | |
|---|---|
| fixed length control field | 00303nam a2200121Ia 4500 |
| 003 - CONTROL NUMBER IDENTIFIER | |
| control field | OSt |
| 008 - FIXED-LENGTH DATA ELEMENTS--GENERAL INFORMATION | |
| fixed length control field | 201104b ||||| |||| 00| 0 eng d |
| 100 ## - MAIN ENTRY--PERSONAL NAME | |
| Personal name | BAYROSS,Ivan. |
| 245 ## - TITLE STATEMENT | |
| Title | HTML Java Script DHTML and PHP |
| 260 ## - PUBLICATION, DISTRIBUTION, ETC. (IMPRINT) | |
| Place of publication, distribution, etc | New Delhi |
| Name of publisher, distributor, etc | BPB Publication |
| Date of publication, distribution, etc | 2013 |
| 300 ## - PHYSICAL DESCRIPTION | |
| Extent | 539+10. |
| 942 ## - ADDED ENTRY ELEMENTS (KOHA) | |
| Source of classification or shelving scheme | Dewey Decimal Classification |
| Koha item type | Text Books |
| 942 ## - ADDED ENTRY ELEMENTS (KOHA) | |
| -- | 12 |
| Withdrawn status | Lost status | Source of classification or shelving scheme | Damaged status | Not for loan | Collection code | Home library | Current library | Date acquired | Source of acquisition | Cost, normal purchase price | Bill Number | Total Checkouts | Full call number | Acc. no. / Barcode | Date last seen | Date last borrowed | Actual Cost, discounted price | Bill Date | Koha item type | Checked out |
|---|---|---|---|---|---|---|---|---|---|---|---|---|---|---|---|---|---|---|---|---|
| Dewey Decimal Classification | MCA | PIET C-LIBRARY | PIET C-LIBRARY | 19/01/2015 | KIRTI PRAKASHAN, NEW DELHI | 399.00 | IN2075 | 8 | 005.72 BAW | 25027 | 03/03/2025 | 19/02/2025 | 263.34 | 12/01/2015 | Text Books | |||||
| Dewey Decimal Classification | MCA | PIET C-LIBRARY | PIET C-LIBRARY | 19/01/2015 | KIRTI PRAKASHAN, NEW DELHI | 399.00 | IN2082 | 7 | 005.72 BAW | 25084 | 25/06/2025 | 18/06/2025 | 263.34 | 12/01/2015 | Text Books | |||||
| Dewey Decimal Classification | Computer Science & Engineering in Cyber Security | PIET C-LIBRARY | PIET C-LIBRARY | 02/09/2015 | KIRTI PRAKASHAN, NEW DELHI | 399.00 | IN2169 | 005.72 BAW | 25315 | 04/12/2019 | 263.34 | 04/02/2015 | Text Books | 11/02/2019 | ||||||
| Dewey Decimal Classification | Computer Science & Engineering in Cyber Security | PIET C-LIBRARY | PIET C-LIBRARY | 02/09/2015 | KIRTI PRAKASHAN, NEW DELHI | 399.00 | IN2169 | 2 | 005.72 BAW | 25316 | 25/08/2025 | 25/07/2025 | 263.34 | 04/02/2015 | Text Books | |||||
| Dewey Decimal Classification | BCA | PIET C-LIBRARY | PIET C-LIBRARY | 02/04/2015 | KIRTI PRAKASHAN, NEW DELHI | 399.00 | IN-2171 | 1 | 005.133 BAH | BC1087 | 01/01/2026 | 16/12/2025 | 263.34 | 04/02/2015 | Text Books | |||||
| Dewey Decimal Classification | BCA | PIET C-LIBRARY | PIET C-LIBRARY | 02/04/2015 | KIRTI PRAKASHAN, NEW DELHI | 399.00 | IN-2171 | 2 | 005.133 BAH | BC1088 | 21/07/2022 | 15/07/2022 | 263.34 | 04/02/2015 | Text Books |